Statystyki dla Flagi Województw Polski

Kliknij tutaj aby rozwiązać quiz!

Ogólne statystyki

  • Ten quiz został rozwiązany 1 986 razy
  • Średni wynik to 9 z 16

Statystyki odpowiedzi

Odpowiedź% Poprawnych
Mazowieckie
84%
Lubelskie
70%
Dolnośląskie
67%
Śląskie
62%
Podlaskie
58%
Pomorskie
58%
Wielkopolskie
58%
Opolskie
52%
Małopolskie
50%
Zachodniopomorskie
50%
Kujawsko-pomorskie
49%
Łódzkie
49%
Świętokrzyskie
49%
Podkarpackie
48%
Lubuskie
47%
Warmińsko-mazurskie
43%

Rozkład punktacji

Percentyl według liczby udzielonych odpowiedzi

Procent ludzi z każdym wynikiem

Twoja historia wyników

Nie rozwiązałeś tego quizu